01272nam a2200349 a 4500001001200000003000800012006001900020007001500039008004100054015001500095020001500110020002200125040002100147035002000168050002200188082001500210100002700225245012300252260002700375300001100402504005100413533015200464650002000616650001900636650002800655655002900683700002400712700002600736710001700762856012600779999001700905ebr10076706CaPaEBRm u cr cn|||||||||030404s2002 enk sb 001 0 eng  aGBA1-U7756 z0761964177 z0761964185 (PBK.) aCaPaEBRcCaPaEBR a(OCoLC)7077390314aHV31b.F39 2002eb04a361.652211 aFerguson, Iain,d1954-10aRethinking welfareh[electronic resource] :ba critical perspective /cIain Ferguson, Michael Lavalette, Gerry Mooney. aLondon :bSAGE,c2002. a211 p. aIncludes bibliographical references and index. aElectronic reproduction.bPalo Alto, Calif. :cebrary,d2013.nAvailable via World Wide Web.nAccess may be limited to ebrary affiliated libraries. 0aPublic welfare. 0aSocial policy. 0aLiberalismxPhilosophy. 7aElectronic books.2local1 aLavalette, Michael.1 aMooney, Gerry,d1960-2 aebrary, Inc.40uhttp://site.ebrary.com/lib/rucke/Doc?id=10076706zAn electronic book accessible through the World Wide Web; click to view c53492d53492